Kunstwerke aus dem Besitz Baron Albert von Goldschmidt-Rothschild (Record no. 6098)

MARC details
000 -CABECERA
campo de control de longitud fija 01007nam a2200277 a 4500
001 - NÚMERO DE CONTROL
campo de control BRCA_6413
005 - FECHA Y HORA DE LA ÚLTIMA TRANSACCIÓN
campo de control 20190321142929.0
008 - DATOS DE LONGITUD FIJA--INFORMACIÓN GENERAL
campo de control de longitud fija 080911s1933----gw-a######---#000-0#ger-#
041 ## - CÓDIGO DE LENGUA
Código de lengua del texto/banda sonora o título independiente ger
044 ## - CÓDIGO DEL PAÍS DE LA ENTIDAD EDITORA/PRODUCTORA
Código MARC del país gw
050 #4 - SIGNATURA TOPOGRÁFICA DE LA BIBLIOTECA DEL CONGRESO
Número de documento/Ítem .K86 4 1933
245 10 - MENCIÓN DE TÍTULO
Título Kunstwerke aus dem Besitz Baron Albert von Goldschmidt-Rothschild
Resto del título Schloss Grüneburg, Frankfurt A. Main : Gemälde, Bronzen, Bijoux, Möbel, Porzellan, Tapisserien.
260 ## - PUBLICACIÓN, DISTRIBUCIÓN, ETC.
Lugar de publicación, distribución, etc. Berlín, Alemania
Nombre del editor, distribuidor, etc. Hermann Ball und Paul Graupe
Fecha de publicación, distribución, etc. 1933
300 ## - DESCRIPCIÓN FÍSICA
Extensión 54 p.
Otras características físicas il., 43 láminas
Dimensiones 32 cm.
500 ## - NOTA GENERAL
Nota general Catálogo No. 21
500 ## - NOTA GENERAL
Nota general En algunas piezas tiene el precio con letra de Franz Mayer
500 ## - NOTA GENERAL
Nota general Catálogo de subasta inventariado por Banco de México como libro
500 ## - NOTA GENERAL
Nota general Ver también CDE28, CDE29 y CDE30
500 ## - NOTA GENERAL
Nota general CDE31
650 14 - PUNTO DE ACCESO ADICIONAL DE MATERIA--TÉRMINO DE MATERIA
Término de materia o nombre geográfico como elemento de entrada Arte
Subdivisión de forma Catálogos
Subdivisión geográfica Frankfurt
9 (RLIN) 16034
650 14 - PUNTO DE ACCESO ADICIONAL DE MATERIA--TÉRMINO DE MATERIA
Término de materia o nombre geográfico como elemento de entrada Artes decorativas
Subdivisión de forma Catálogos
9 (RLIN) 14086
650 14 - PUNTO DE ACCESO ADICIONAL DE MATERIA--TÉRMINO DE MATERIA
Término de materia o nombre geográfico como elemento de entrada Pintura
Subdivisión de forma Catálogos
9 (RLIN) 13336
650 14 - PUNTO DE ACCESO ADICIONAL DE MATERIA--TÉRMINO DE MATERIA
Término de materia o nombre geográfico como elemento de entrada Subastas
9 (RLIN) 7837
902 ## - CATALOGADOR
Iniciales GFM
942 ## - ELEMENTOS DE PUNTO DE ACCESO ADICIONAL (KOHA)
Fuente del sistema de clasificación o colocación Library of Congress Classification
Tipo de ítem Koha Libros
Holdings
Estado de retiro Estado de pérdida Estado dañado No para préstamo Localización permanente Ubicación/localización actual Fecha de adquisición Número de inventario Total de préstamos Signatura topográfica completa Código de barras Fecha visto por última vez Precio válido a partir de Tipo de ítem Koha
El ejemplar forma parte de la colección y puede ser consultado según las políticas vigentes.       Biblioteca del Museo Franz Mayer (Rogerio Casas-Alatriste) Biblioteca del Museo Franz Mayer (Rogerio Casas-Alatriste) 09/09/2011 CDE31   .K86 4 1933 (CDE31) 6860 22/03/2019 22/03/2019 Libros